Movies Quiz

Random Movies or Rap Quiz

Revenge of the Nerds Talent Show Rap Quiz Stats

 Plays Quiz not verified by Sporcle

Score 0/130 Timer 10:00
0 Plays Today
% Correct
a
97.3%
a
97.3%
a
97.3%
a
97.3%
a
97.3%
a
97.3%
and
94.8%
and
94.8%
and
94.8%
and
94.8%
and
94.8%
and
94.8%
and
94.8%
And
94.8%
you.
93.6%
you
93.6%
you
93.6%
you
93.6%
we
93.3%
Lambda
91.8%
Lambda
91.8%
Lambda
91.8%
Lambda
91.8%
the
90.2%
the
90.2%
the
90.2%
the
90.2%
the
90.2%
your
89.3%
your
89.3%
your
89.3%
on
88.7%
on
88.7%
on
88.7%
on
88.7%
on
88.7%
on
88.7%
Clap
88.1%
clap
88.1%
hands
87.5%
hands!
87.5%
everybody,
87.2%
everybody
87.2%
Omega
86.3%
% Correct
to
86%
to
86%
Booger
84.8%
for
83.5%
Mu.
83.2%
be
82.9%
We're
82%
Poindexter
81.1%
violin,
81.1%
in.
81.1%
guitar,
80.8%
got
80.5%
got
80.5%
got
80.5%
got
80.5%
show
79.3%
here
79%
me,
79%
here
79%
come
78.7%
come
78.7%
Lamar.
77.1%
will
76.5%
do
75.9%
we've
75.6%
We've
75.6%
We've
75.6%
We've
75.6%
We've
75.6%
are
73.8%
joining
73.5%
So
72.9%
so
72.9%
it
72.6%
feet
72.6%
stage
72.3%
Gilbert
72.3%
4
71%
little
70.7%
along.
70.7%
along
70.7%
tall!
70.7%
Presley
70.1%
Louis
69.5%
% Correct
rap
69.2%
old
68.6%
gong,
68.6%
tonight
67.4%
all,
67.4%
Mu's
66.8%
when
66.2%
clapping
65.9%
comes
65.5%
boys
64.6%
just
64.6%
seen
63.7%
by
63.4%
mean
62.5%
thought
61.9%
you'd
61.6%
his
61%
Takashi
59.1%
sound
57%
That'll
56.7%
down
56.7%
ground.
55.5%
beating
55.5%
body
54.6%
can
53.7%
move
52.7%
make
51.2%
out
49.1%
Now
48.8%
rockin'
47.9%
floor,
47.6%
rhythm
46%
high
46%
tech
44.5%
our
44.2%
like
42.1%
never
41.5%
Break!
41.5%
before!
40.5%
won't
36.6%
bodies
36%
work
18.3%

You're not logged in!

Compare scores with friends on all Sporcle quizzes.
OR
Log In

You Might Also Like...

Show Comments

Extras

Top Quizzes Today


Score Distribution

Your Account Isn't Verified!

In order to create a playlist on Sporcle, you need to verify the email address you used during registration. Go to your Sporcle Settings to finish the process.

Report this User

Report this user for behavior that violates our Community Guidelines.

Details: